Un análisis del sistema electoral nicaragüense /
Guardat en:
| Autor principal: | |
|---|---|
| Altres autors: | |
| Format: | Text |
| Publicat: |
Managua:
Fundación Manolo Morales
|
| Etiquetes: |
Afegir etiqueta
Sense etiquetes, Sigues el primer a etiquetar aquest registre!
|
MARC
| LEADER | 00000 a a2200000 04500 | ||
|---|---|---|---|
| 001 | 14587 | ||
| 003 | |||
| 040 | |a CRAI/IIS |c CRAI/IIS | ||
| 090 | |a 014500 | ||
| 100 | |a Nohlen, Dieter | ||
| 245 | |a Un análisis del sistema electoral nicaragüense / |c Dieter Nohlen | ||
| 260 | |a Managua: |b Fundación Manolo Morales | ||
| 300 | |a 24 p. | ||
| 700 | |a Guzmán, Luis Humberto | ||
| 999 | |c 16462 |d 16462 | ||
